U.S. States Where the Black Plague Still Exists - Statistics

General Stats
  • This quiz has been taken 16 times
  • The average score is 12 of 18
Answer Stats
# of Cases U.S. State % Correct
46 California
93%
9 Texas
87%
1 Montana
80%
254 New Mexico
80%
64 Arizona
73%
69 Colorado
73%
19 Oregon
73%
1 Washington
73%
4 Idaho
67%
7 Nevada
67%
15 Utah
67%
4 Wyoming
67%
1 Georgia
60%
3 Oklahoma
60%
1 Connecticut
47%
1 Illinois
47%
1 Maryland
47%
1 Michigan
47%
No matching quizzes found
Score Distribution
Percent of People with Each Score
Percentile by Number Answered
Your Score History
You have not taken this quiz